00627nam a22001937a 450000500170000001000150001702000260003203500140005803700130007208200100008510000190009524501240011425000130023826000400025127000780029130000260036970000230039570000150041820180821110830.0 aENG-123550 a9789352806935c595.00 aEN-107082 bDBAD/PUB a658.3 aChella, Ganesh aHR here and now:cby Ganesh Chella; Harish Devarajan [and] V.J. Raobthe making of the quintessential people champion / a2nd edn. aNew DelhibSAGE Publications,c2018 aB1/I-1 Mohan Cooperative Industrial Area, Mathura RoadbNew Delhie110044 axv, 212p.c21cm(pbk). a Devarajan, Harish a Rao, V.J.